Soccer players A-Z - Statistics

General Stats
  • This quiz has been taken 83 times
  • The average score is 8 of 26
Answer Stats
Letter Player % Correct
m Marcelo|Matthaus|Mbappe|Messi|Maradona
94%
r Ronaldo|Ramos|Ribery|Rodri|Rummenigge|Ronaldinho|Rooney
92%
n Neuer|Neymar|Nunez
58%
s Salah|Scmeichel|Schweinsteiger|Son|Silva|Suarez|Stoichkov
57%
p Park|Pepe|Pogba|Puskas|Pele|Platini
55%
b Buffon|Beckenbauer|Beckham|Best|Baresi|Bale
54%
z Zidane|Zico|Zanetti
42%
h Hagi|Haaland|Higuita
34%
x Xavi|Xhaka
34%
k Kahn|Kaka|Kante|Kompany|Koeman
32%
y Yashin|Yamal
29%
d Daei|Dalglish|Davies|De Bruyne|Di Stefano
28%
i Ibrahimovic|Isco|Ibarbo
26%
a Aguero|Arshavin
25%
c Cordoba|Cruyff|Cantona|Charlton
20%
v Valderrama|Van Dijk|Van Der Sar|Vidal
20%
e Ederson|Eusebio|Etoo
17%
g Gerrard|Garrincha|Gattuso|Guardiola|Gullit
17%
o Oscar|Ozil|Overmars
14%
w Weghorst|Wright|Wijnaldum|Weah
12%
q Quaresma|Quintero
11%
t Torres|Thuram
6%
j Jairzinho|Juninho|Jennings
5%
u Ugarte|Umtiti
5%
f Fullkrug|Futre|Fernandes
3%
l Larsson|Leao
2%
No matching quizzes found
Score Distribution
Percent of People with Each Score
Percentile by Number Answered
Your Score History
You have not taken this quiz